000 00230nam a2200097Ia 4500
005 20251222114344.0
008 251222s1900||||xx |||||||||||||| ||spa||
082 _aDVD0060/D96C/1951/T.2
245 0 _aColección Don Camilo:
942 _cDVD
999 _c955
_d955